ALL 100k Cities of Florida on a Map - Statistics

General Stats
  • This quiz has been taken 276 times
  • The average score is 16 of 26
Answers on the Map
Answers color-coded by a green-red scale on the quiz's map according to % correct below.
 
Answer Stats
Answer Hint % Correct
Miami 442,260
98%
Orlando 307,763
97%
Tampa 384,662
97%
Jacksonville 949,618
96%
Tallahassee 196,180
94%
St. Petersburg 258,354
90%
Port St. Lucie 204,855
80%
Fort Lauderdale 182,777
79%
Cape Coral 193,994
77%
Gainesville 141,137
77%
Hialeah 223,123
77%
West Palm Beach 117,322
72%
Clearwater 117,428
69%
Hollywood 153,035
66%
Lakeland 112,629
58%
Pembroke Pines 171,180
54%
Miami Gardens 111,636
52%
Pompano Beach 112,055
50%
Coral Springs 134,396
49%
Miramar 134,710
48%
Palm Bay 119,752
46%
Davie 105,704
39%
Brandon 114,626
24%
Lehigh Acres 114,287
18%
Riverview 107,396
18%
Spring Hill 113,568
18%
No matching quizzes found
Score Distribution
Percent of People with Each Score
Percentile by Number Answered
Your Score History
You have not taken this quiz